دون كيشوت / (رقم التسجيلة. 37986)

تفاصيل مارك
000 -LEADER
fixed length control field 00540nam a22001817a 4500
005 - DATE AND TIME OF LATEST TRANSACTION
control field 20251108170031.0
008 - FIXED-LENGTH DATA ELEMENTS--GENERAL INFORMATION
fixed length control field 250721s1970 xx 000 0 ara d
082 14 - DEWEY DECIMAL CLASSIFICATION NUMBER
Classification number ط/ق/م
100 1# - MAIN ENTRY--PERSONAL NAME
Personal name الكيلاني، م
245 10 - TITLE STATEMENT
Title دون كيشوت /
264 1# - PRODUCTION, PUBLICATION, DISTRIBUTION, MANUFACTURE, AND COPYRIGHT NOTICE
Place of production, publication, distribution, manufacture بيروت :
Name of producer, publisher, distributor, manufacturer دار الكتاب اللبناني،
Date of production, publication, distribution, manufacture, or copyright notice 1970.
300 ## - PHYSICAL DESCRIPTION
Extent 465ص؛ مص
490 0# - SERIES STATEMENT
Series statement مجموعة قصص عالمية للأولاد ، 79
650 17 - SUBJECT ADDED ENTRY--TOPICAL TERM
Topical term or geographic name as entry element الأدب العربي
650 17 - SUBJECT ADDED ENTRY--TOPICAL TERM
Topical term or geographic name as entry element القصص العربية
942 ## - ADDED ENTRY ELEMENTS (KOHA)
Source of classification or shelving scheme Dewey Decimal Classification
Koha item type كتب
المقتنيات
حالة السحب حالة الفقدان مصدر التصنيف حالة التلف غير قابل للإعارة المكتبة الرئيسية المكتبة الحالية موقع الرف تاريخ التزويد الرقم المتسلسل Total Checkouts رقم الإستدعاء تاريخ آخر ظهور تاريخ الفاتورة نوع المادة (كوها) الباركود
    Dewey Decimal Classification Unchecked   مكتبة الحسن العامة مكتبة الحسن العامة الأطفال 06/07/2004 2375   ط/ق/م 28/07/2025 06/07/2004 كتب  
    Dewey Decimal Classification     مكتبة صويلح العامة مكتبة صويلح العامة الأطفال 29/08/2019 02452   ط/ق/م 28/07/2025 29/08/2019 كتب PLD00465133
    Dewey Decimal Classification     مكتبة صويلح العامة مكتبة صويلح العامة الأطفال 29/08/2019 02451   ط/ق/م 28/07/2025 29/08/2019 كتب PLD00465134
Implemented & Customized by: BBB with SCIT (Smart Chains for Information Technology)

Powered by Koha